000 00789nam0a22002531 4500
001 rc\3730066
005 20250610065318.0
021 _aRU
_b[74-190]
035 _a(NLR Aleph) 007778929
090 _a7548042
_c7548042
100 _a20130115d1973 |||y0rusy50 ca
101 0 _arus
102 _aRU
105 _aa z |||a|
200 1 _aЦвета радуги
_e[Стихи
_eДля мл. школьного возраста
_fИл.: Б. Малинковский
210 _aМосква]
_cМалыш
_d1973
215 _a[58] с.
_cил.
_d17
700 1 _aСмирнов
_bД.А.
_gДмитрий Артемьевич
702 1 _aМалинковский
_bБ.
_4440
801 0 _aRU
_bNLR
_gpsbo
801 1 _aRU
_bELAR
_2rusmarc
852 _aNLR
_j73-2/2792
942 _cBOOK
980 _aNB